Scrutiny a quarterly review, 1950 - 51, Vol. XVII (Record no. 11041)

MARC details
000 -LEADER
fixed length control field 00662nam a2200157Ia 4500
008 - FIXED-LENGTH DATA ELEMENTS--GENERAL INFORMATION
fixed length control field 210324s9999||||xx |||||||||||||| ||und||
040 ## - CATALOGING SOURCE
Transcribing agency STCPL
082 ## - DEWEY DECIMAL CLASSIFICATION NUMBER
Classification number 050
Item number HAR-S
100 ## - MAIN ENTRY--PERSONAL NAME
Personal name Harding D.W.
245 #0 - TITLE STATEMENT
Title Scrutiny a quarterly review, 1950 - 51, Vol. XVII
260 ## - PUBLICATION, DISTRIBUTION, ETC.
Place of publication, distribution, etc. London
Name of publisher, distributor, etc. Cambridge At The University Press
Date of publication, distribution, etc. 1963
300 ## - PHYSICAL DESCRIPTION
Extent 360
650 ## - SUBJECT ADDED ENTRY--TOPICAL TERM
Topical term or geographic name entry element General Serial Publications And Their IndexesINFINITE SERIES, COMPLEX NUMBERS, SIMPLE HARMONIC VARIATION, REPRESENTATION OF MONE COMPLICATED PERIODIC PHENOMENA, FOURIER SERIES, PROPERTIES OF DIAGNAL AND UNIT METRIC, LAPLACE TRANSFORMS OF LINEAR LUNGED DECTRICAL CIRCUITS
942 ## - ADDED ENTRY ELEMENTS (KOHA)
Koha item type Books
041 ## - LANGUAGE CODE
Language code of original English
Holdings
Withdrawn status Lost status Damaged status Not for loan Home library Current library Shelving location Date acquired Total Checkouts Full call number Barcode Date last seen Price effective from Koha item type
        ST. THOMAS COLLEGE LIBRARY, PALAI ST. THOMAS COLLEGE LIBRARY, PALAI   2021-07-10   050 HAR-S 18334 2021-07-10 2021-07-10 Books
Rights reserved ©2021 ST. THOMAS COLLEGE LIBRARY
A joint venture of - St. Thomas College Library and
Department of Computer Science, St. Thomas Collge Palai